000 00383nam a2200145Ia 4500
008 231129s1994||||xx |||||||||||||| ||spa||
020 _a958-04-2125-0
040 _bspa
082 _aA863 B616i
100 _aBioy Casares Adolfo
245 0 _aLa invencion de morel
260 _c1994
264 _aBogota Colombia : Norma
942 _2ddc
_cBKS
999 _c17420
_d17420